000
00351pam a2200157a 44500
008
230515b1999 xxu||||| |||| 00| 0 eng d
020
_a
NULL
041
_a
ENG
082
_a
610.73
100
_a
Ramsey Bronk
245
_a
Human Metabolissm
250
_a
NULL
260
_a
NULL
_b
"Addison Wesley, nd, 0"
_c
1999
300
_a
392
650
_a
N.D.
999
_c
524189
_d
524189